| 000 | 00818nam a22001937a 4500 | ||
|---|---|---|---|
| 999 |
_c12999 _d12999 |
||
| 003 | AR-CdUCM | ||
| 008 | 190410b ||||| |||| 00| 0 spa d | ||
| 040 |
_aMUNICIPALIDAD PROVINCIAL DEL CUSCO _cBIBLIOTECA MUNICIPAL DEL CUSCO |
||
| 082 |
_a334 / _bSO64 |
||
| 110 |
_aIntercoop editora. _931156 |
||
| 245 |
_aSociología de la cooperación : _bGuía para el estudio de la experimentación social cooperativa / |
||
| 260 |
_aBuenos Aires : _bIntercoop editora, _c1962. |
||
| 300 |
_a163 paginas ; _c18 cm. |
||
| 500 | _aCuadernos de cultura cooperativa. | ||
| 505 | _aContenido :Finalidad y significado de la sociología de la cooperación -- El movimiento cooperativo a la luz del análisis sociológico -- Métodos y técnicas ... | ||
| 650 |
_aSociología _9276 |
||
| 942 |
_2ddc _cLIBROS |
||
| 945 |
_arum _d2019-04-10 |
||